00724nam a2200217 a 4500999001500000001000600015003000900021005001700030008004100047020001800088040003800106082002100144100002000165245005200185260003900237300003000276500002000306650004900326942001200375952011900387 c2331d233115783BD-DhUAP20200223130447.0200223s1999 nyua 001 0 eng d a9780143029076 aBD-DhUAPcBD-DhUAPdBD-DhUAPbEng00a320.9051 ROY223 aRoy, Arundhati. aThe Algebra of finite justice /cArundhati Roy. aEngland :bPenguin books ;cc2002. axxiv, 351 pages ;c18 cm. aIncludes index. aPolitical situation and conditionszEngland. 2ddccBK 00102ddc4070aUAPCLbUAPCLcGeneral Stacksd2020-02-23o320.9051 ROYp3010015783r2020-02-23t1w2020-02-23yBK